00337cam a22001097a 4500008004000000082001800040100001700058245007500075260003100150300000900181650003700190180718b1957 xxu||||| |||| 00| 0 eng d aA99 T391/St68 aStoller, Leo aAfter Walden:thoreau's changing views on economics mancby Leo Stoller aCaliforniabStanfordc1957 a163p aThoreau, Henry David, 1817-1862.